000 01286cam a22004214i 4500
003 PE-LiUPU
005 20250731173501.0
008 150616s1976 miu r 000 0 eng d
035 _a(Sirsi) a6927
040 _aPE-LiUPU
_bspa
_cPE-LiUPU
_erda
049 _aPRUA
082 0 4 _a270.6
_bL98R
_221
100 1 _aLutero, Martín,
_d1483-1546.
_eautor.
_91490
245 1 0 _aCommentary on Romans /
_cMartín Lutero.
264 1 _aGrand Rapids, Michigan :
_bKregel Publications,
_c1976.
300 _a223 páginas ;
_c20 centímetros
336 _atext
_2rdacontent
337 _aunmediated
_2rdamedia
338 _avolume
_2rdacarrier
505 0 _aComentarios a todos los capítulos de la carta a los Romanos.
526 _aSEG42
526 _aSEG41
526 _aSEG40
526 _aSEG39
526 _aP94
526 _aP87
526 _aP86
526 _aP85
526 _aP77
526 _aP76
526 _aP35
630 _aBiblia.
_pN.T.
_pRomanos
_xComentarios.
910 _ajck
942 _2ddc
_cBK
949 _a270.6 L98R
_wDEWEY
_c1
_i40311
_lCCODEBUL1
_mBUL
_p00.00
_r0
_sY
_tBOOK
_u19960108
_xTEOLOGIA
_zUNKNOWN
_0COMPRA
_o.STAFF. Colección General
980 _81
_gALBERTO SANCHEZ Responsable de Automatización
999 _c58113
_d58113